Well-Known Literature (A-Z) Quiz Stats

 Plays Quiz Updated Aug 28, 2014

Support Sporcle.
Go Orange.
Score 0/26 Timer 05:00
3 Plays Today
Letter Title % Correct
MMoby-Dick
88.7%
OThe Odyssey
87.1%
LLittle Women
86.5%
GGreat Expectations
80.6%
CCall of the Wild
77.4%
TTreasure Island
77.4%
SThe Scarlet Letter
73.3%
PParadise Lost
72.8%
UUncle Tom's Cabin
72.4%
FFahrenheit 451
72.3%
IThe Inferno
71.8%
WThe Wonderful Wizard of Oz
70.4%
HThe Hunchback of Notre Dame
64.2%
Letter Title % Correct
RRobinson Crusoe
62%
KThe Kite Runner
60.7%
JThe Jungle
58%
DDubliners
47.9%
VVanity Fair
44.3%
AAll Quiet on the Western Front
38.5%
EEthan Frome
30.7%
QThe Quiet American
19.9%
YThe Yearling
16.6%
BBen-Hur
15%
NNotes from Underground
14.9%
ZZen and the Art of Motorcycle Maintenance
12.2%
XXenocide
10.4%

You're not logged in!

Compare scores with friends on all Sporcle quizzes.
OR
Log In

From the Vault

10 Least Populous US States

by lollipopfreak

It can get a little lonely in these parts.
Remove Ads.
Support Sporcle.
Get the best of Sporcle when you Go Orange. This ad-free experience offers more features, more stats, and more fun while also helping to support Sporcle. Thank you for becoming a member.

Show Comments

Extras

Top Quizzes Today


Score Distribution

Your Account Isn't Verified!

In order to create a playlist on Sporcle, you need to verify the email address you used during registration. Go to your Sporcle Settings to finish the process.

Report this User

Report this user for behavior that violates our Community Guidelines.

Details: